=LDR 00000nam 2200000 4500 =001 INLIS000000000046002 =005 20150213082146.0 =006 =007 =008 =020 ##$$a 978.602.8123.38-9 =035 ##$$0010-021500000000562 =040 ##$$a NBPDMAT =082 ##$$a 526.7 =090 ##$$a 526.7 Dia c =100 ##$$a Dian Malini Oktovina =245 ##$$a Cakrawala sains : Apa itu gaya / Dian Malini Oktovina; editor Triyani =250 ##$$a Cet. 1 =260 ##$$a Jakarta$bNobel Edumedia$c2008 =300 ##$$a vi, 44 hlm. : ilus. ; 25 cm =500 ##$$a Bibliografi hlm : 44 =650 ##$$a Gaya-Sains =700 ##$$a Triyani =850 ##$$a NBPDMAT =990 ##$$a 21420088 =990 ##$$a 21420087 =990 ##$$a 21420089 =990 ##$$a 21420090 =990 ##$$a 21420091